000 00285nam a22001337a 4500
008 171003b xxu||||| |||| 00| 0 eng d
020 _a9780275967840
041 _aeng
080 _a159.9
100 _a48
101 _aPSI
245 _aMIND AND MAZE
_cDEVLIN,A.S
942 _2udc
_cBK
999 _c31340
_d31340